书目信息 |
| 题名: |
精通Struts 2
|
|
| 作者: | 拉夫利 著 ;李进华 , 张艳 , 许阳奎 , 刘庆荣 译 | |
| 分册: | ||
| 出版信息: | 北京 人民邮电出版社 2009.04 |
|
| 页数: | 268页 | |
| 开本: | 24cm | |
| 丛书名: | 图灵程序设计丛书 | |
| 单 册: | ||
| 中图分类: | TP311.56 | |
| 科图分类: | ||
| 主题词: | 软件工具--程序设计 | |
| 电子资源: | ||
| ISBN: | 978-7-115-20429-5 | |
| 000 | 01322nam 2200337 450 | |
| 001 | 0011152479 | |
| 005 | 20100607095612.20 | |
| 010 | @a978-7-115-20429-5@dCNY49.00 | |
| 100 | @a20100515d2009 em y0chiy0110 ea | |
| 101 | 0 | @achi@ceng |
| 102 | @aCN@b110000 | |
| 105 | @aa z 000yy | |
| 200 | 1 | @a精通Struts 2@Ajing tong Struts 2@d= Practical apache struts 2 web 2.0 projects@eWeb 2.0开发实战@f(澳) Ian Roughley著@F(ao)Ian Roughley zhu@g李进华[等]译@zeng |
| 210 | @a北京@c人民邮电出版社@d2009.04 | |
| 215 | @a268页@c图@d24cm | |
| 225 | 2 | @a图灵程序设计丛书@iJava系列 |
| 304 | @a译者还有:刘庆荣、张艳、许阳奎 | |
| 314 | @a责任者的汉译姓:取自版权页 | |
| 330 | @aStruts是广受欢迎的Java Web应用框架。Struts 2融合了WebWork,提供了更加灵活的Web 2.0开发平台。本书通过一个完整的Web应用示例,全面讲述了Struts 2框架本身以及运用Struts开发Web项目的全过程。 | |
| 410 | 0 | @12001 @a图灵程序设计丛书 |
| 410 | 0 | @12001 @aJava系列 |
| 500 | 10 | @aPractical apache struts 2 web 2.0 projects@mChinese |
| 606 | 0 | @a软件工具@x程序设计 |
| 690 | @aTP311.56@v4 | |
| 701 | 1 | @a拉夫利@Ala fu li@g(Roughley, Ian)@4著 |
| 702 | 0 | @a李进华@Ali jin hua@4译 |
| 702 | 0 | @a张艳@Azhang yan@4译 |
| 702 | 0 | @a许阳奎@Axu yang kui@4译 |
| 702 | 0 | @a刘庆荣@Aliu qing rong@4译 |
| 801 | 0 | @aCN@c20100515 |
| 905 | @dTP311.56@eL004@f3 | |
| 精通Struts 2= Practical apache struts 2 web 2.0 projects:Web 2.0开发实战/(澳) Ian Roughley著/李进华[等]译.-北京:人民邮电出版社,2009.04 |
| 268页:图;24cm.-(图灵程序设计丛书.Java系列) |
| ISBN 978-7-115-20429-5:CNY49.00 |
| Struts是广受欢迎的Java Web应用框架。Struts 2融合了WebWork,提供了更加灵活的Web 2.0开发平台。本书通过一个完整的Web应用示例,全面讲述了Struts 2框架本身以及运用Struts开发Web项目的全过程。 |
| ● |
| 相关链接 |
|
|
|
正题名:精通Struts 2
索取号:TP311.56/L004
 
预约/预借
| 序号 | 登录号 | 条形码 | 馆藏地/架位号 | 状态 | 备注 |
| 1 | 985913 | 209859134 | 自科库301/301自科库 50排3列3层/ [索取号:TP311.56/L004] | 在馆 | |
| 2 | 985914 | 209859143 | 自科库301/301自科库 50排3列3层/ [索取号:TP311.56/L004] | 在馆 | |
| 3 | 985915 | 209859152 | 自科二线404/301自科库 43排5列3层/ [索取号:TP311.56/L004] | 在馆 |